00750namaa22002051 4500001000700000003000900007005001700016008004100033080001100074100003300085245011100118250001500229260003300244300004800277650002800325740003200353852002200385999001900407952011800426177795ES-MaACL20230906220421.0110427s1970 sp |||| | spa d a551.441 aLlopis Lladó, Noel.97283910aFundamentos de hidrogeologia cárstica b: [introducción a la geoespeleologia] / cNoel Llopis Lladó. a[1ª ed.]. a[Madrid] : bBlume, c[1970] aXII, 269 p., 1 h., grab. : bil. ; c25 cm. 4aEspeleología.91462790 aHidrogeología cárstica. aES-MaACLjC-37578 c177795d177795 00104070aATENEOMbATENEOMcDEPO2d2011-04-27l0oC-37578p1186779r2023-02-23 00:00:00w2023-02-23yMONOGRAFIA